Najpopularniejsi raperzy w tym tygodniu . 09-15.07 - Statystyki

Ogólne statystyki
  • Ten quiz został rozwiązany 18 razy
  • Średni wynik to 10 z 15
Statystyki odpowiedzi
Miejsce w poprzednim tygodniu Wyświetlenia Utwór % Poprawnych
#2 10.30M Kizo
93%
#3 7.77M Mata
87%
#1 9.16M Sobel
80%
#4 6.05M White 2115
80%
#9 3.36M Oki
73%
#23 3.40M Quebonafide
73%
#13 2.90M Żabson
73%
#12 2.95M Bedoes
67%
#8 3.03M Reto
67%
#5 4.06M Young Igi
67%
#10 3.28M Otsochodzi
60%
#28 2.64M Malik Montana
53%
#11 3.17M Paluch
47%
#7 4.95M Tymek
47%
#6 3.58M Hinol Polska Wersja
33%
Nie znaleziono quizów pasujących do podanych kryteriów
Rozkład punktacji
Procent ludzi z każdym wynikiem
Percentyl według liczby udzielonych odpowiedzi
Twoja historia wyników
Nie rozwiązałeś tego quizu